| 000 | 00917nam a2200253 i 4500 | ||
|---|---|---|---|
| 001 | 158208 | ||
| 003 | ES-MaACL | ||
| 005 | 20231229062533.0 | ||
| 008 | 170703s1980 sp |||| | spa d | ||
| 020 | _a84-206-4104-9 | ||
| 100 | 1 |
_aOrtega y Gasset, José, _d1883-1955 _987503 |
|
| 245 | 1 | 0 |
_aUna interpretación de la historia universal / _cOrtega y Gasset. |
| 250 | _a1ª ed. en "Obras de José Ortega y Gasset". | ||
| 260 |
_aMadrid : _bRevista de Occidente en Alianza Editorial, _c1980. |
||
| 300 |
_a314 p. ; _c18 cm. |
||
| 490 | 1 |
_aObras de José Ortega y Gasset ; _v4 |
|
| 598 | _aColección editada por Paulino Garagorri. | ||
| 600 | 1 | 4 |
_aToynbee, Arnold Joseph. _9111194 |
| 650 | 4 |
_aHistoria- _xFilosofía. _913380 |
|
| 700 | 1 |
_aGaragorri, Paulino, _d1916-2007 _953911 |
|
| 830 | 1 |
_aObras de José Ortega y Gasset ; _v4 _9181562 |
|
| 852 |
_aES-MaACL _jL-31802 |
||
| 999 |
_c158208 _d158208 |
||